00597nam a2200193 450000100060000001000180000600500170002402100180004110000410005910100080010010200070010810500180011567500210013370000310015470200310018520001410021621000230035721500230038031601 a978989975790520220405165530.0 aPTb336441/11 a20120510d2011 ac 0pory5003 ba apor aPT aa z 000fy a087.5 vBNLzpor 1aCabeção bJoaninha de  1aWojciechowskabDanuta44401 aRibe-bé-béu! Laréu-ao-léu!fJoaninha de Cabeçãogil. Danuta Wjciechowska, Pequenos Artistas do Concelho de Viana do Alentejo aLisboacLupad2011 a45 p.d24 cme1 CD